49 gol spettacolari
Uloženo v:
| Hlavní autor: | |
|---|---|
| Médium: | Kniha |
| Tagy: |
Žádné tagy, Buďte první, kdo vytvoří štítek k tomuto záznamu!
|
MARC
| LEADER | 00000nam a22000007i 4500 | ||
|---|---|---|---|
| 001 | CDOM0000002881 | ||
| 003 | mi | ||
| 005 | 20250822150338.0 | ||
| 008 | 061218s2006 it |||||| ||||| |||||c | ||
| 040 | |c mi | ||
| 100 | |a Martini, Davide | ||
| 245 | 1 | |a 49 gol spettacolari | |
| 942 | |2 ddc |c BK | ||
| 952 | |0 0 |1 0 |2 ddc |4 0 |6 B_LNR02MARDAQUA11 |7 0 |9 6299 |a MI |b MI |d 2007-01-17 |i 5281 |l 0 |o B-LNR02-MARDA-QUA11 |p CDOM5281 |r 2025-07-13 16:28:14 |w 2025-07-13 |x ACQUISTO |y BK | ||
| 999 | |c 5051 |d 5051 | ||